000 00628nam a2200193Ia 4500
008 151121s9999||||xx |||||||||||||| ||und||
082 _a818/पाडळ
082 _bHNW-116282
100 _aपाडळकर विजय
245 _aबखर गीतकारांची
260 _b"मैत्रेय प्रकाशन, पुणे।"
260 _c2014
300 _a327
600 _aपाडळकर विजय
630 _aबखर गीतकारांची
700 _aपाडळकर विजय
730 _aबखर गीतकारांची
942 _cBOOK
999 _c1264929
_d1264926